Con la lengua pegada al paladar /
Guardado en:
| Hovedforfatter: | |
|---|---|
| Format: | Ukendt |
| Sprog: | Spanish |
| Udgivet: |
Guatemala:
Cadejo,
c2006
|
| Udgivelse: | 1. edición |
| Fag: | |
| Tags: |
Tilføj Tag
Ingen Tags, Vær først til at tagge denne postø!
|
MARC
| LEADER | 000000000a22000000004500 | ||
|---|---|---|---|
| 001 | 001016 | ||
| 008 | 170621s2006 g ||||| |||| 00| p spa d | ||
| 020 | |a 9992286814 | ||
| 041 | 0 | |a español | |
| 082 | |a G861.4 |b T649c | ||
| 100 | 1 | |a Toledo, Aída | |
| 245 | 1 | 0 | |a Con la lengua pegada al paladar / |c Aída Toledo |
| 250 | |a 1. edición | ||
| 260 | |a Guatemala: |b Cadejo, |c c2006 | ||
| 300 | |a 105 páginas | ||
| 500 | |a Número de inscripción 14072 | ||
| 650 | 1 | 4 | |a LITERATURA GUATEMALTECA |v POESÍA |
| 942 | |2 ddc |c BK | ||
| 999 | |c 2143 |d 2143 | ||



